| 000 | 00458cam a22001337a 4500 | ||
|---|---|---|---|
| 008 | 180718b1960 xxu||||| |||| 00| 0 eng d | ||
| 082 | _aZx52 Ag85/15 | ||
| 100 | _aKayo, Nobufumi | ||
| 245 |
_aStatistical surveys on agriculture in Japan _cby Nobufumi Kayo |
||
| 260 |
_aTokyo _bAgriculture, Forestry and Fisheries Productivity Conference _c1960 |
||
| 300 | _a51p. | ||
| 440 | _aAgricultural Development Series, 15 | ||
| 650 | _aAgriculture - Statistics - Japan | ||
| 999 |
_c368798 _d368798 |
||